[Event "Berlin op"]
[Site "Berlin-West"]
[Date "1988.??.??"]
[Round "5"]
[White "Wedberg, Tom"]
[Black "Adamski, Jan"]
[Result "1/2-1/2"]
[WhiteElo "2510"]
[BlackElo "2400"]

1.e4 c5 2.Nf3 e6 3.d4 cxd4 4.Nxd4 a6 5.Bd3 Nf6 6.O-O d6 7.f4 Nbd7 8.Nf3 g6
9.Qe1 Bg7 10.Nc3 O-O 11.Qh4 Nc5 12.Be3 Nfd7 13.Qf2 b5 14.Bd4 e5 15.fxe5 Nxe5
16.Nxe5 Bxe5 17.Rad1 Qg5 18.Nd5 Be6 19.Be3 Qh5 20.Nf6+ Bxf6 21.Qxf6 Nd7 22.Qf2 Rac8
23.h3 Qe5 24.Bd4 Qg5 25.Be3 Qe7 26.b3 Ne5 27.Rd2 Kg7 28.Qg3 h6 29.Rdf2 f6
30.Bd4 Kh7 31.Qe3 Kg7 32.Qd2 Kh7 33.c3 Kg7 34.Bc2 Qc7 35.Bd1 Qe7 36.Be2 Qc7
37.Bd3 Qe7 38.Bc2 Qc7 39.Bb1 Qe7 40.Qb2 Qc7 41.Qa3 Ra8 42.Rd1 Rfd8 43.Qc1 Rac8
44.Qe3 Rd7 45.Bd3 Rf7 46.Rdf1 Rff8 47.Be2 Qe7 48.Qg3 Kh7 49.Qh4 Kg7 50.Qf4 Rf7
51.Qd2 Qd7 52.Be3 g5 53.Bh5 Rff8 54.Bd4 Qe7 55.Qe3 Rcd8 56.Qg3 Bd7 57.Qe3 Be6
58.h4 Kg8 59.Qg3 Bd7 60.hxg5 fxg5 61.Bxe5 dxe5 62.Bf7+ Kg7 63.Bd5 Rxf2 64.Rxf2 Rf8
65.Rxf8 Kxf8 66.Qf2+ Kg7 67.Qb6 Qa3 68.Qe3 a5 69.Kh2 Qf8 70.g3 Qf1 71.c4 Bh3
72.Qd2 Bg4 73.Qe3 Bh3 74.Qd2 Bg4  1/2-1/2

[Event "Berlin op"]
[Site "Berlin-West"]
[Date "1988.??.??"]
[Round "7"]
[White "Klundt, Klaus"]
[Black "Adamski, Jan"]
[Result "1/2-1/2"]
[WhiteElo "2410"]
[BlackElo "2400"]

1.e4 c5 2.Nf3 e6 3.d4 cxd4 4.Nxd4 a6 5.Bd3 Nf6 6.O-O d6 7.c4 Bd7 8.Nc3 Nc6
9.Nxc6 Bxc6 10.Qe2 Be7 11.b3 O-O 12.Bb2 Nd7 13.Rad1 Re8 14.Kh1 Qb8 15.f4 b5
16.e5 bxc4 17.Bxc4 dxe5 18.f5 Nf6 19.fxe6 fxe6 20.Bxe6+ Kh8 21.Bf7 Rf8 22.Bc4 Qb7
23.Rf5 Bc5 24.Rdf1 Bd4  1/2-1/2

[Event "Berlin op"]
[Site "Berlin-West"]
[Date "1988.??.??"]
[Round "8"]
[White "Hawelko, Marek"]
[Black "Hulak, Krunoslav"]
[Result "1-0"]
[WhiteElo "2410"]
[BlackElo "2490"]

1.e4 c5 2.Nf3 e6 3.d4 cxd4 4.Nxd4 a6 5.Bd3 Nf6 6.O-O Qc7 7.Qe2 d6 8.c4 g6
9.Nc3 Bg7 10.Rd1 O-O 11.Bc2 Nbd7 12.Nf3 Ng4 13.Bf4 Nde5 14.Nxe5 Nxe5 15.Bb3 b6
16.Rac1 Bb7 17.f3 Rac8 18.Qd2 Rfd8 19.Bg5 Rd7 20.Qf2 h6 21.Be3 Nxc4 22.Na4 b5
23.Bxc4 bxc4 24.Nb6 d5 25.exd5 Bxd5 26.Nxd7 Qxd7 27.Bd4 f6 28.Qc2 Kf7 29.b3 g5
30.bxc4 Rxc4 31.Qb2 Ra4 32.Qb6 Kg6 33.Rc7 Qb5 34.Qa7 Bf8 35.Rc8 Qe2 36.Rf1 Rxa2
37.Bf2 Bb4 38.Rg8+ Kf5 39.g4+  1-0

[Event "Berlin op"]
[Site "Berlin-West"]
[Date "1988.??.??"]
[Round "9"]
[White "Wedberg, Tom"]
[Black "Ionescu, Constantin"]
[Result "1-0"]
[WhiteElo "2510"]
[BlackElo "2465"]

1.e4 c5 2.Nf3 e6 3.d4 cxd4 4.Nxd4 a6 5.Bd3 Nf6 6.O-O Qc7 7.Nc3 d6 8.f4 Nbd7
9.Nf3 Be7 10.Qe1 O-O 11.e5 Ne8 12.Qg3 Nc5 13.Be3 Bd7 14.Bxh7+ Kxh7 15.Ng5+ Kg8
16.Qh4 Bxg5 17.fxg5 Bc6 18.Rf4 dxe5 19.g6 fxg6 20.Rxf8+ Kxf8 21.Qh8+ Ke7
22.Bxc5+ Kd7 23.Rf1 Kc8 24.Ne4 Bd7 25.Nd6+ Kb8 26.b4 Qc6 27.Nxe8 Bxe8 28.Qxg7 b6
29.Rf8 Ra7 30.Qg8 Rd7 31.Rxe8+ Ka7 32.Be3 Qe4 33.Bxb6+ Kxb6 34.Qxe6+ Kc7
35.Qxe5+  1-0

[Event "Bern op"]
[Site "Bern"]
[Date "1988.??.??"]
[Round "?"]
[White "Klinger, Josef"]
[Black "Jukic, Mirko"]
[Result "0-1"]
[WhiteElo "2505"]
[BlackElo "2450"]

1.e4 c5 2.Nf3 e6 3.d4 cxd4 4.Nxd4 a6 5.Bd3 Nf6 6.O-O Qc7 7.Qe2 d6 8.c4 g6
9.Nc3 Bg7 10.Rd1 O-O 11.Bc2 Nbd7 12.Nf3 Ng4 13.Bg5 Nde5 14.Nd2 b5 15.Kh1 bxc4
16.Bh4 Nf6 17.f4 Nd3 18.Bxd3 cxd3 19.Qxd3 Bb7 20.Rac1 Rac8 21.Nb3 Qb8 22.Bxf6 Bxf6
23.Qxd6 Qa8 24.Qd3 Rfd8 25.Qe2 Rxd1+ 26.Qxd1 Bxc3 27.Rxc3 Rxc3 28.bxc3 Bxe4
29.Qd2 Bd5 30.h3 h5 31.Kh2 Qc6 32.Nc1 a5 33.Nd3 Qc4 34.Nb2 Qxa2 35.c4 Bxc4
36.Qd8+ Kh7 37.Qf6 Kg8 38.Qd8+ Kh7 39.Qf6 e5 40.Nxc4 Qxc4 41.Qxe5 a4 42.f5 g5
43.Qf6 Qf4+ 44.Kh1 Kg8 45.Kg1 Qe3+ 46.Kh1 a3 47.Qa1 h4 48.f6 Kh7 49.Qd1 Kg6
50.Qc2+ Kxf6 51.Qc6+ Kg7 52.Qa6 Qe1+ 53.Kh2 Qe5+ 54.Kh1 Qb2 55.Qa5 f6 56.Qa7+ Kg6
57.Qa8 a2 58.Qg8+ Kf5 59.Qd5+ Kf4 60.Qd6+ Ke3 61.Qc5+ Ke2 62.Qc4+ Ke1 63.Qe4+ Qe2
64.Qa4 Kf1 65.Qa8 f5 66.Kh2 Qe5+  0-1

[Event "Bielsko Biala"]
[Site "Bielsko Biala"]
[Date "1988.??.??"]
[Round "3"]
[White "Podlesnik, Bogdan"]
[Black "Bosboom, Manuel"]
[Result "1/2-1/2"]
[WhiteElo "2345"]
[BlackElo "2355"]

1.e4 c5 2.Nf3 e6 3.d4 cxd4 4.Nxd4 a6 5.Bd3 Qc7 6.O-O Nf6 7.Qe2 d6 8.c4 Nbd7
9.b3 g6 10.Bb2 Bg7 11.Nc3 O-O 12.Rad1 b6 13.Bb1 Bb7 14.Kh1 Rad8 15.f4 Qb8
16.Nf3 Rfe8 17.Ba3 Nc5 18.b4 Ncd7 19.Bb2 Rc8 20.a3 Nh5 21.Nd2 b5 22.Rc1 bxc4
23.Nxc4 Bh6 24.g3 Bg7 25.Na5 Ba8 26.Bd3 d5 27.Bxa6 d4 28.Bxc8 Rxc8 29.Na4 f5
30.Rxc8+ Qxc8 31.Rc1 Bxe4+ 32.Kg1 Qf8 33.Qa6 Qf6 34.Qd6 Nf8 35.Rc7 g5 36.Nb3 gxf4
37.Bxd4 Qh6 38.Bxg7 Nxg7 39.Rc8 Ne8 40.Qd2 Qh5 41.Nac5 Qf3  1/2-1/2

[Event "Bielsko Biala"]
[Site "Bielsko Biala"]
[Date "1988.??.??"]
[Round "10"]
[White "Juroszek, Tadeusz"]
[Black "Bosboom, Manuel"]
[Result "1-0"]
[WhiteElo "2415"]
[BlackElo "2355"]

1.e4 c5 2.Nf3 e6 3.d4 cxd4 4.Nxd4 a6 5.Bd3 Qc7 6.O-O Nf6 7.Qe2 d6 8.Nc3 b5
9.Bd2 Bb7 10.Rae1 Nbd7 11.f4 g6 12.Kh1 Bg7 13.e5 dxe5 14.fxe5 Nd5 15.Ncxb5 axb5
16.Nxb5 Qxe5 17.Qf2 O-O 18.Rxe5 Nxe5 19.Nc3 f5 20.Qe2 Nb4 21.a3 Nbxd3 22.cxd3 Ba6
23.Rd1 Bxd3 24.Qe1 f4 25.Ne4 f3 26.Bc3 fxg2+ 27.Kxg2 Bc4 28.Nd6 Nf3 29.Qe4 Bb3
30.Bxg7 Kxg7 31.Rd3 Bd5 32.Rxd5 exd5 33.Qxd5 Ra4 34.Qb7+ Kh6 35.Nf7+ Kg7
36.Ne5+ Kh6 37.Nxf3 Rg4+ 38.Kh3 Rgf4 39.Kg3 g5 40.Qc6+ R8f6 41.Qd5 R4f5 42.Qd3 Kg7
43.h3 h5 44.b4 Kh6 45.Qe3 Rf4 46.h4 Rg4+ 47.Kh3 Kg7 48.hxg5 Rff4 49.Qe7+ Kg8
50.Qe8+  1-0

[Event "Noviki"]
[Site "Budapest"]
[Date "1988.??.??"]
[Round "?"]
[White "Horvath, Jozsef"]
[Black "Kochyev, Alexander"]
[Result "1/2-1/2"]
[WhiteElo "2495"]
[BlackElo "2480"]

1.e4 c5 2.Nf3 e6 3.d4 cxd4 4.Nxd4 a6 5.Bd3 Ne7 6.O-O Nec6 7.c3 g6 8.Be3 Bg7
9.Nd2 O-O 10.f4 d6  1/2-1/2

[Event "Noviki"]
[Site "Budapest"]
[Date "1988.??.??"]
[Round "?"]
[White "Szalanczy, Emil"]
[Black "Kochyev, Alexander"]
[Result "1/2-1/2"]
[WhiteElo "2400"]
[BlackElo "2480"]

1.e4 c5 2.Nf3 e6 3.d4 cxd4 4.Nxd4 a6 5.Bd3 Nf6 6.O-O Qc7 7.Re1 Bc5 8.c3 d6
9.Nd2 O-O 10.N2b3 Ba7 11.Bg5 Nbd7 12.c4 Ne5 13.Rc1 Kh8 14.Bb1 Bd7 15.h3 Rac8
16.Kh1 Ng6 17.Qf3 Ne8 18.Qg3 f6 19.Be3 Ne7 20.Nc2 Bxe3 21.Nxe3 b6 22.Red1 Qb8
23.Nd4 b5 24.b3 Qb6 25.Kg1 Qc5 26.Nf3 e5 27.Ne1 Be6 28.Qf3 Nc6 29.cxb5 Nd4
30.Rxd4 Qxd4 31.Rd1 Qb6 32.bxa6 Qxa6 33.Nd3 Nc7 34.Nb2 Nb5 35.Bd3 Qxa2 36.Bxb5 Qxb2
37.Bc4 Bxc4 38.bxc4 Rc6 39.Qf5 Qb7 40.g4 Rb6  1/2-1/2

[Event "BUL-ch"]
[Site "BUL"]
[Date "1988.??.??"]
[Round "?"]
[White "Panbukchian, Valentin"]
[Black "Popchev, Milko"]
[Result "0-1"]
[WhiteElo "2380"]
[BlackElo "2470"]

1.e4 c5 2.Nf3 e6 3.d4 cxd4 4.Nxd4 a6 5.Bd3 Ne7 6.Nc3 Nbc6 7.Nb3 b5 8.Be3 d6
9.O-O Ng6 10.f4 Be7 11.Qh5 O-O 12.Rf3 e5 13.f5 Nf4 14.Bxf4 exf4 15.Rh3 h6
16.Rf1 Bg5 17.Nd5 Ne5 18.Nxf4 Bb7 19.Kh1 Rc8 20.Rg3 Re8 21.h3 Qf6 22.Qe2 Bxf4
23.Rxf4 Re7 24.Nd2 Rce8 25.Qh5 Kh8 26.Kh2 d5 27.Qh4 Nd7 28.exd5 Bxd5 29.a4 Qxb2
30.axb5 axb5 31.Rd4 Nf6 32.Nf3 Bxf3 33.Rxf3 Re1 34.Qf2 Qa1 35.g4 Rh1+ 36.Kg3 Rg1+
37.Kh4 Qc1 38.Rdf4 Ree1 39.Qb6 Qb2 40.Qd8+ Kh7 41.Qf8 Qc1 42.Qc5 Rg2 43.Qxb5 Re3
44.Rf1 Rgg3  0-1

[Event "Calcutta"]
[Site "Calcutta"]
[Date "1988.??.??"]
[Round "?"]
[White "Mithrakanth, Poorna Sharma"]
[Black "Psakhis, Lev"]
[Result "1/2-1/2"]
[WhiteElo "2320"]
[BlackElo "2550"]

1.e4 c5 2.Nf3 e6 3.d4 cxd4 4.Nxd4 a6 5.Bd3 Nf6 6.O-O Qc7 7.Kh1 Bc5 8.Nb3 Be7
9.f4 d6 10.Nc3 O-O 11.Qf3 Nc6 12.Be3 b5 13.a3 Bb7 14.Qh3 Rad8 15.Nd4 Nxd4
16.Bxd4 e5 17.Be3 exf4 18.Rxf4 Qc8 19.Rf5 Qe6 20.Bd4 Nd7 21.Nd5 Nc5 22.Rh5 Bxd5
23.exd5 Qxh3 24.Bxh7+ Kh8 25.Rxh3 Nd7 26.Bf5+ Kg8 27.Bxd7 Rxd7 28.Rg3 f6
29.Rc3 Kf7 30.Rc6 Rh8 31.Rd1 Rh5 32.Bf2 Re5 33.Kg1 a5 34.Kf1 b4 35.a4 Bd8
36.g4 Bc7 37.Bg3 Re4 38.h3 Rde7 39.Re1 Rxe1+ 40.Bxe1 Ke8 41.Bg3 Kd7 42.c4 Re3
43.Kf2 Rb3 44.c5 Rxb2+ 45.Ke1 b3 46.Bxd6 Bd8 47.Kd1 Ra2 48.Kc1 Rxa4 49.Ra6 Rd4
50.Ra7+ Ke8 51.c6 Rxd5 52.c7 Bxc7 53.Bxc7 a4 54.Bb6 Rd6 55.Bg1 Rc6+ 56.Kb1 Rd6  1/2-1/2

[Event "Cannes op"]
[Site "Cannes"]
[Date "1988.??.??"]
[Round "?"]
[White "Renet, Olivier"]
[Black "Chomet, Pascal"]
[Result "0-1"]
[WhiteElo "2460"]
[BlackElo "2280"]

1.e4 c5 2.Nf3 e6 3.d4 cxd4 4.Nxd4 a6 5.Bd3 Nf6 6.O-O d6 7.c4 b6 8.Nc3 Bb7
9.f4 Nbd7 10.Qe2 Qc7 11.f5 e5 12.Nb3 Be7 13.Be3 Nc5 14.Nxc5 bxc5 15.Rab1 O-O
16.g4 h6 17.h4 Nh7 18.Qh2 Rfb8 19.Rf3 Bc6 20.Rh3 f6 21.Qd2 Bd8 22.a3 Qe7
23.b4 cxb4 24.axb4 Bb6 25.c5 dxc5 26.Bc4+ Kh8 27.Nd5 Qd8 28.Rb2 Ba7 29.Qf2 Bb5
30.Ba2 Bd3 31.Rd2 Bb5 32.bxc5 Qa5 33.g5 Qa4 34.Ne7 Bc4 35.gxh6 gxh6 36.Rg3 Bxa2
37.Ng6+ Kg8 38.Nxe5+ Ng5 39.Rxa2 Qxe4 40.Nf3 Rb3  0-1

[Event "COL-ch"]
[Site "?"]
[Date "1988.??.??"]
[Round "13"]
[White "Henao, Raul Fernando"]
[Black "Gutierrez, Jose Antonio"]
[Result "1-0"]
[WhiteElo "2345"]
[BlackElo "2330"]

1.e4 c5 2.Nf3 e6 3.d4 cxd4 4.Nxd4 a6 5.Bd3 Nc6 6.Nxc6 dxc6 7.O-O e5 8.Nd2 Bc5
9.Nc4 Qc7 10.Qh5 Bd4 11.c3 g6 12.Qf3 Bc5 13.b4 Be7 14.Be3 b5 15.Nb6 Rb8 16.Nxc8 Rxc8
17.a4 Qb7 18.Bc2 Nf6 19.Bh6 Rg8 20.Rfd1 c5 21.axb5 axb5 22.bxc5 Rxc5 23.Bg5 Nd7
24.Bb3 Rf8 25.Bh6 Nf6 26.Bg7 Nxe4 27.Bxf8 Bxf8 28.Ra8+  1-0

[Event "Dortmund-B"]
[Site "Dortmund"]
[Date "1988.??.??"]
[Round "?"]
[White "Konikowski, Jerzy"]
[Black "Martinovic, Slobodan"]
[Result "1/2-1/2"]
[WhiteElo "2390"]
[BlackElo "2460"]

1.e4 c5 2.Nf3 e6 3.d4 cxd4 4.Nxd4 a6 5.Bd3 Nf6 6.O-O Qc7 7.c4 Nc6 8.Nxc6 dxc6
9.Nc3 e5 10.Kh1 Be6 11.Qe2 Bc5 12.Bg5 h6 13.Bxf6 gxf6 14.Rac1 Qa5 15.Qc2 Bd4
16.Ne2 O-O-O 17.a3 Bxb2 18.Rb1 Bd4 19.Rb3 Rhe8 20.Ng3 Rd7 21.Nh5 Qd8 22.Ng7 Rg8
23.Nxe6 fxe6 24.c5 Qa5 25.Rfb1 Qxc5 26.Qxc5 Bxc5 27.Bxa6 Rgd8 28.Bxb7+ Kc7
29.Ba6 Rd1+ 30.Bf1 Rxb1 31.Rxb1 Bxf2 32.Bc4 Rd4 33.Bxe6 Rxe4 34.Bb3 Re1+
35.Rxe1 Bxe1 36.Kg1 Kd6 37.Kf1 Bc3 38.Ke2 Bb2 39.a4 Kc5 40.Kd3 Kb4 41.Bd1 c5
42.g4 c4+ 43.Kd2 Bc3+ 44.Ke2 Ka3 45.Bc2 Ba5 46.Kd1 Kb2 47.Bf5 Kb3 48.h4 Kxa4
49.h5 Kb3 50.Bg6 Kb2 51.Bf5 Bb6 52.Bg6 Be3 53.Bf5 Bg5 54.Bg6 Kc3 55.Ke2 Kd4
56.Kf3 Kd5 57.Bf5 Kc5 58.Bg6 Bf4 59.Bf5 Kd6 60.Bh7 f5 61.Bxf5 Ke7 62.Bh7 Kf6
63.Bg8 c3 64.Bh7 Kg5 65.Bc2 Kh4 66.Bf5 Bd2 67.Kg2 Bg5 68.Kh2  1/2-1/2

[Event "Dortmund-B"]
[Site "Dortmund"]
[Date "1988.??.??"]
[Round "?"]
[White "Mainka, Gregor"]
[Black "Konikowski, Jerzy"]
[Result "1/2-1/2"]
[WhiteElo "2260"]
[BlackElo "2390"]

1.e4 c5 2.Nf3 e6 3.d4 cxd4 4.Nxd4 a6 5.Bd3 Nf6 6.O-O d6 7.c4 b6 8.Nc3 Bb7
9.Qe2 g6 10.Bg5 Bg7 11.Rad1 O-O 12.Bc2 Qc7 13.Rd2 Nbd7 14.Nf3 h6 15.Bh4 Rfd8
16.Rfd1 Ne5 17.Nxe5 dxe5 18.Rxd8+ Rxd8 19.Rxd8+ Qxd8 20.f3 Qc7 21.Qd3 Nd7
22.b4 Bf8 23.a3 Bc6 24.Ba4 Bxa4 25.Nxa4 a5 26.bxa5 bxa5 27.Bf2 Nc5 28.Nxc5 Bxc5
29.Bxc5 Qxc5+ 30.Kf1 Kg7 31.Qc3 f5 32.Ke2 Kf6 33.Kf1  1/2-1/2

[Event "NZD-ch"]
[Site "Dunedin"]
[Date "1988.??.??"]
[Round "?"]
[White "Garbett, Paul Anthony"]
[Black "Smith, Robert W"]
[Result "1-0"]
[WhiteElo "2285"]
[BlackElo "2285"]

1.e4 c5 2.Nf3 e6 3.d4 cxd4 4.Nxd4 a6 5.Bd3 Nf6 6.O-O Qc7 7.Kh1 Nc6 8.Nxc6 dxc6
9.f4 e5 10.f5 c5 11.c4 Bd7 12.Nc3 Be7 13.Qf3 Bc6 14.Be3 Rd8 15.Rfd1 Qb8 16.a4 h5
17.a5 Ng4 18.Bg1 Rd4 19.Nd5 Bxd5 20.cxd5 Rb4 21.Qe2 Rh6 22.Bc4 b5 23.axb6 Rbxb6
24.b3 g6 25.Rxa6 Rxa6 26.Bxa6 gxf5 27.Bb5+ Kf8 28.exf5 e4 29.g3 Qe5 30.Be3 Rf6
31.Bf4 Qxf5 32.d6 Bd8 33.Be3 Nxe3 34.Qxe3 Qf3+ 35.Qxf3 exf3 36.Bc4 Ke8 37.Bb5+ Kf8
38.Kg1 f2+ 39.Kf1 Bb6 40.Ra1  1-0

[Event "Eppingen BM"]
[Site "Eppingen"]
[Date "1988.??.??"]
[Round "?"]
[White "Herbrechtsmeier, Christof"]
[Black "Raupp, Thomas"]
[Result "0-1"]
[WhiteElo "2305"]
[BlackElo "2295"]

1.e4 c5 2.Nf3 e6 3.d4 cxd4 4.Nxd4 a6 5.Bd3 Nf6 6.O-O Qc7 7.Kh1 d5 8.exd5 Nxd5
9.f4 g6 10.Be4 Nf6 11.Bf3 Bg7 12.c3 O-O 13.Qe1 Nbd7 14.Be3 Nb6 15.Nd2 Nbd5
16.Ne4 Nxe3 17.Nxf6+ Bxf6 18.Qxe3 Bd7 19.Rad1 Rad8 20.Rd2 Bc8 21.Rfd1 Rd7
22.g3 Rfd8 23.Kg2 h5 24.Be4 e5 25.Ne2 Rxd2 26.Rxd2 Rxd2 27.Qxd2 Be6 28.fxe5 Bxe5
29.a3 b5 30.Nf4 Bc4 31.Ne2 Kg7 32.Nd4 f5 33.Ba8 Qb8 34.Bf3 Qd6 35.Qe3 f4
36.Qf2 fxg3 37.hxg3 Bd5 38.Ne2 Qc6 39.Qa7+ Kf6 40.Bxd5 Qxd5+ 41.Kf2 Qd6 42.Qh7 Qc5+
43.Kf1 Qd5 44.Qh8+ Kg5 45.Qf8 Qd6 46.Qa8 Bxg3 47.Nd4 Bf4 48.Qe4 Kh6 49.Qa8 Be5
50.Nc6 Qd1+ 51.Kf2 Qd2+  0-1

[Event "Eppingen BM"]
[Site "Eppingen"]
[Date "1988.??.??"]
[Round "?"]
[White "Vatter, Hans Joachim"]
[Black "Arnold, Lothar"]
[Result "1-0"]
[WhiteElo "2270"]
[BlackElo "2315"]

1.e4 c5 2.Nf3 e6 3.d4 cxd4 4.Nxd4 a6 5.Bd3 Nf6 6.O-O d6 7.Kh1 g6 8.f4 Bg7
9.a4 O-O 10.Nf3 Nc6 11.Nc3 b6 12.Qe1 Bb7 13.Qh4 Nd7 14.Qh3 Nc5 15.f5 Ne5
16.Bg5 f6 17.Nxe5 dxe5 18.fxg6 hxg6 19.Be3 Qe8 20.Bxc5 bxc5 21.Bc4 Kf7 22.Rad1 Bc8
23.Rd6 Rh8 24.Qg3 Bf8 25.Rxf6+ Kxf6 26.Nd5+ Kf7 27.Qf2+ Kg7 28.Qf6+ Kh7 29.Rd8 Qxd8
30.Qxd8 exd5 31.Bxd5 Ra7 32.Qxc8 Bd6 33.Qe6 Rd8 34.Qf6 Rdd7 35.g4 c4 36.g5  1-0

[Event "Espoo"]
[Site "Espoo"]
[Date "1988.??.??"]
[Round "5"]
[White "Bjerke, Richard"]
[Black "Welin, Thomas"]
[Result "1/2-1/2"]
[WhiteElo "2310"]
[BlackElo "2410"]

1.e4 c5 2.Nf3 e6 3.d4 cxd4 4.Nxd4 a6 5.Bd3 Bc5 6.Nb3 Ba7 7.Qe2 Nc6 8.Be3 Bxe3
9.Qxe3 d6 10.O-O Nf6 11.c4 O-O 12.Nc3 b6 13.Rad1 Qc7 14.f4 Bb7 15.h3 Rab8
16.Rc1 Ne7 17.Nd4 Qc5 18.Na4 Qa5 19.Nc3 Qc5 20.Na4 Qa5 21.Nc3  1/2-1/2

[Event "Dreszer mem"]
[Site "Gdynia"]
[Date "1988.??.??"]
[Round "12"]
[White "Juroszek, Tadeusz"]
[Black "Petkevich, Jusefs"]
[Result "1/2-1/2"]
[WhiteElo "2415"]
[BlackElo "2465"]

1.e4 c5 2.Nf3 e6 3.d4 cxd4 4.Nxd4 a6 5.Bd3 g6 6.O-O Bg7 7.c3 d6 8.a4 Nf6
9.Nd2 O-O 10.a5 Nbd7 11.Qe2 Qe7 12.Re1 Re8 13.Bc2 e5 14.N4f3 b5  1/2-1/2

[Event "Geneve"]
[Site "Geneve"]
[Date "1988.??.??"]
[Round "?"]
[White "Gobet, Fernand"]
[Black "Cvitan, Ognjen"]
[Result "0-1"]
[WhiteElo "2405"]
[BlackElo "2500"]

1.e4 c5 2.Nf3 e6 3.d4 cxd4 4.Nxd4 a6 5.Bd3 Nf6 6.O-O Qc7 7.Re1 d6 8.c4 Nbd7
9.Nc3 Be7 10.b3 b6 11.Bb2 O-O 12.Rc1 Bb7 13.Bb1 Rfe8 14.Qd3 Bf8 15.Qh3 g6
16.Rcd1 Rad8 17.Qh4 Qb8 18.Bc1 Bg7 19.Bh6 Bh8 20.Bg5 Rc8 21.Re3 Rc5 22.Na4 h6
23.Nxc5 bxc5 24.Nf3 hxg5 25.Nxg5 Bg7 26.f4 Nf8 27.e5 dxe5 28.fxe5 N6h7 29.Nxh7 Nxh7
30.Rd7 Nf8 31.Rd1 Bxe5 32.Rh3 Qc7 33.Rf1 Qe7 34.Qg4 Rd8 35.Qe2 Qg5 36.Rd3 Rxd3
37.Qxd3 Nd7 38.Kh1 Qh4  0-1

[Event "Groningen op"]
[Site "Groningen"]
[Date "1988.??.??"]
[Round "?"]
[White "Ermenkov, Evgenij"]
[Black "Ninov, Kiril"]
[Result "0-1"]
[WhiteElo "2480"]
[BlackElo "2495"]

1.e4 c5 2.Nf3 e6 3.d4 cxd4 4.Nxd4 a6 5.Bd3 Bc5 6.Nb3 Ba7 7.Nc3 Nc6 8.Qe2 d6
9.Be3 Bxe3 10.Qxe3 Nf6 11.O-O-O O-O 12.f4 Qc7 13.Rhg1 b5 14.g4 b4 15.g5 Nd7
16.Ne2 a5 17.Kb1 a4 18.Nbd4 Nc5 19.h4 Bb7 20.h5 b3 21.a3 bxc2+ 22.Bxc2 Nxd4
23.Nxd4 Qb6 24.g6 fxg6 25.hxg6 Rab8 26.Rd2 h6 27.Re1 Ba6 28.Bxa4 e5 29.fxe5 Nxa4
30.Nf5 Qxe3 31.Rxe3 dxe5 32.Rd7 Rxb2+ 33.Ka1 Rb7 34.Ne7+ Kh8 35.Rf3 Re8 36.Rxb7 Bxb7  0-1

[Event "ACCOM op"]
[Site "Haarlem"]
[Date "1988.??.??"]
[Round "5"]
[White "Hauwert, Nicolaas"]
[Black "Van Scheltinga, Theo D"]
[Result "1/2-1/2"]
[WhiteElo "2215"]
[BlackElo "2300"]

1.e4 c5 2.Nf3 e6 3.d4 cxd4 4.Nxd4 a6 5.Bd3 Nf6 6.O-O Qc7 7.Be3 Nc6 8.Nc3 Be7
9.a4 O-O 10.Kh1 Nb4 11.f4 d6 12.Rf3 e5 13.fxe5 dxe5 14.Nf5 Bxf5 15.Rxf5 Rad8
16.Bg5 Qd6 17.Bxf6 Bxf6 18.Rf3 Qc6 19.Nd5 Nxd5 20.exd5 Qxd5 21.Bxh7+ Kh8
22.Qxd5 Rxd5 23.Rh3 Rd2 24.Be4+  1/2-1/2

[Event "Hamburg-ch"]
[Site "Hamburg"]
[Date "1988.??.??"]
[Round "?"]
[White "Meier, Volker"]
[Black "Dankert, Peter"]
[Result "0-1"]
[WhiteElo "2295"]
[BlackElo "2255"]

1.e4 c5 2.Nf3 e6 3.d4 cxd4 4.Nxd4 a6 5.Bd3 Nf6 6.O-O d6 7.c4 Be7 8.Nc3 O-O
9.h3 Nbd7 10.Qe2 Qc7 11.f4 b6 12.Nf3 Bb7 13.Bd2 Rac8 14.Rac1 Rfe8 15.g4 g6
16.Nh2 Qb8 17.b4 d5 18.e5 dxc4 19.Bxc4 Nd5 20.Nxd5 exd5 21.Bd3 Bf8 22.g5 Rxc1
23.Rxc1 f6 24.gxf6 Nxf6 25.Ng4 Nxg4 26.Qxg4 Bc8 27.Qg2 b5 28.Rc6 Qa7+ 29.Kh2 Bg7
30.Qxd5+ Kh8 31.Rc5 Be6 32.Qc6 Qf7 33.Qxa6 Rd8 34.Qxb5 Bf5 35.Rc3 Qxa2 36.Rc2 Qa7
37.Bxf5 Qf2+ 38.Kh1 gxf5 39.Qc5 Qf3+ 40.Kh2 Qe2+ 41.Kg3 Rg8 42.Qc4 Bf8+ 43.Qxg8+ Kxg8
44.Rb2 Be7 45.b5 h5 46.h4 Bxh4+ 47.Kh3 Qf3+  0-1

[Event "Havana"]
[Site "Havana"]
[Date "1988.??.??"]
[Round "?"]
[White "Boudy, Julio"]
[Black "Ionescu, Constantin"]
[Result "1/2-1/2"]
[WhiteElo "2385"]
[BlackElo "2450"]

1.e4 c5 2.Nf3 e6 3.d4 cxd4 4.Nxd4 a6 5.Bd3 Nf6 6.O-O d6 7.c4 b6 8.Nc3 Bb7
9.Qe2 g6 10.b3 Bg7 11.Bb2 O-O 12.Rad1 Nbd7 13.Bb1 Qc7 14.Kh1 Rad8 15.f4 Rfe8
16.Nf3 Qb8 17.Qf2 Ba8 18.Rde1 b5 19.cxb5 axb5  1/2-1/2

[Event "IND-ch"]
[Site "?"]
[Date "1988.??.??"]
[Round "?"]
[White "Gupta, Radhey S"]
[Black "Sahu, Sekhar Chandra"]
[Result "1/2-1/2"]
[WhiteElo "2300"]
[BlackElo "2325"]

1.e4 c5 2.Nf3 e6 3.d4 cxd4 4.Nxd4 a6 5.Bd3 g6 6.O-O Bg7 7.Be3 Ne7 8.Nc3 d5
9.exd5 Nxd5 10.Nxd5 Qxd5 11.Be2 O-O 12.Bf3 Qd8 13.c3 Nd7 14.Qb3 Ne5 15.Be2 Qc7
16.a4 Bd7 17.f4 Nc6 18.Nxc6 Bxc6 19.Bb6 Qe7 20.Bf3 Rfc8 21.Rad1 Bh6 22.Kh1 Qe8
23.Bxc6 Qxc6 24.a5 Re8 25.Qb4 Bf8 26.Qd4 Qb5 27.Rf2 Qh5 28.Rdf1 Qf5 29.h3 h5
30.Rd1 Rac8 31.Qa4 Rc6 32.Rfd2 e5 33.fxe5 Qxe5 34.Rd5 Qg3 35.R5d3 Re1+ 36.Bg1 Qf2
37.Rxe1 Qxe1 38.Rd8 Qe7 39.Qd4 Rd6 40.Rxd6 Qxd6 41.Qa7 Qe7 42.Qb8 Kh7 43.Bd4 Bg7  1/2-1/2

[Event "JUG-ch"]
[Site "?"]
[Date "1988.??.??"]
[Round "?"]
[White "Matulovic, Milan"]
[Black "Cvitan, Ognjen"]
[Result "1/2-1/2"]
[WhiteElo "2435"]
[BlackElo "2520"]

1.e4 c5 2.Nf3 e6 3.d4 cxd4 4.Nxd4 a6 5.Bd3 Nf6 6.O-O Qc7 7.Qe2 d6 8.c4 g6
9.Nc3 Bg7 10.f4 O-O 11.Kh1 Nbd7 12.Nf3 b6 13.Bd2 Bb7 14.Rac1 Rae8 15.b3 Nh5
16.Rfe1 Bh6 17.g3 f5 18.Bb1 Ndf6 19.Kg1 Ng4 20.Kg2 Qg7 21.h3 Ngf6 22.Qf2 e5
23.fxe5 dxe5 24.Bxh6 Qxh6 25.Qd2 Qg7 26.Nd5 Kh8 27.Kh2 h6 28.Nh4 Nxe4 29.Bxe4 fxe4
30.Rxe4 Nf6 31.Nxf6 Rxf6 32.Re2 g5 33.Ng2 Ref8 34.Ne3 Bf3 35.Rf2 h5 36.Nd5 Bxd5
37.Rxf6 Qxf6 38.cxd5 Qf2+ 39.Qxf2 Rxf2+ 40.Kg1 Rd2 41.Rc6 Rxd5 42.Rxb6 Rd1+
43.Kf2 Rd2+ 44.Kf3 Rxa2 45.Rh6+ Kg7 46.Rxh5 Rb2 47.Rxg5+ Kf6 48.Kg4 Rxb3
49.Rf5+ Ke6 50.Rf8 Rb4+ 51.Kg5 Rb3 52.Kg4 Rb4+ 53.Kg5 Rb3 54.Kg4 Rb4+  1/2-1/2

[Event "JUG-ch"]
[Site "?"]
[Date "1988.??.??"]
[Round "?"]
[White "Matulovic, Milan"]
[Black "Abramovic, Bosko"]
[Result "1/2-1/2"]
[WhiteElo "2435"]
[BlackElo "2460"]

1.e4 c5 2.Nf3 e6 3.d4 cxd4 4.Nxd4 a6 5.Bd3 g6 6.O-O Bg7 7.c3 d6 8.f4 Nf6
9.Nf3 O-O 10.Kh1 Nbd7 11.Be3 b6 12.Nbd2 Bb7 13.Qe1 Nc5 14.Bxc5 bxc5 15.f5 exf5
16.exf5 Re8 17.Qh4 Ne4 18.fxg6 hxg6 19.Qxd8 Raxd8 20.Nxe4 Bxe4 21.Bxa6 Rb8
22.Rf2 d5 23.a4 Bh6 24.Bb5 Re6 25.Rd1 Kg7 26.h3 f5 27.b4 Rh8 28.Re2 Bf4 29.Kg1 g5
30.bxc5 g4 31.Nd4 Rg6 32.Bd3 gxh3 33.Nxf5+ Kf6 34.Bxe4 dxe4 35.Nd6 hxg2 36.Nxe4+ Ke6
37.Rd6+ Bxd6 38.Nxd6+ Kd5 39.Rxg2 Rxg2+  1/2-1/2

[Event "BKL-Turnier"]
[Site "Leipzig"]
[Date "1988.??.??"]
[Round "?"]
[White "Vogt, Lothar"]
[Black "Adamski, Jan"]
[Result "1/2-1/2"]
[WhiteElo "2460"]
[BlackElo "2395"]

1.e4 c5 2.Nf3 e6 3.d4 cxd4 4.Nxd4 a6 5.Bd3 Nf6 6.O-O d6 7.c4 b6 8.Nc3 Bb7
9.f4 Be7 10.Kh1 O-O 11.b3 Nc6 12.Nxc6 Bxc6 13.Bb2 Nd7 14.Rf3 Bf6 15.Rh3 g6
16.e5 dxe5 17.Be4 Qc7 18.Qf3 Bxe4 19.Nxe4 Bg7 20.fxe5 Bxe5 21.Bc3 Bxc3 22.Qxc3 Qe5
23.Qxe5  1/2-1/2

[Event "Mendrisio op"]
[Site "Mendrisio"]
[Date "1988.??.??"]
[Round "3"]
[White "Vezzosi, Paolo"]
[Black "Dizdarevic, Emir"]
[Result "0-1"]
[WhiteElo "2340"]
[BlackElo "2495"]

1.e4 c5 2.Nf3 e6 3.d4 cxd4 4.Nxd4 a6 5.Bd3 Nf6 6.O-O Qc7 7.Kh1 Bc5 8.Nb3 Be7
9.Nc3 b5 10.f4 b4 11.Ne2 d6 12.Be3 Bb7 13.Nd2 Nbd7 14.Nd4 O-O 15.Qf3 Nc5
16.Rae1 Nfd7 17.Qh3 Rfe8 18.Bf2 Bf8 19.Bg3 Rac8 20.N2f3 Nxd3 21.cxd3 Nc5
22.Rd1 Qd7 23.Rd2 g6 24.f5 exf5 25.exf5 Bd5 26.b3 a5 27.Bf4 f6 28.Qg3 g5
29.Rdd1 h6 30.Bc1 Qg7 31.Nb5 Qd7 32.Nbd4 Qg7 33.h3 Nd7 34.Nb5 Ne5 35.Nfd4 Qf7
36.Ne2 Rc2 37.Ned4 Rxg2 38.Qxg2 Bxg2+ 39.Kxg2 Qd5+ 40.Kh2 Rb8  0-1

[Event "Mendrisio op"]
[Site "Mendrisio"]
[Date "1988.??.??"]
[Round "3"]
[White "Rogers, Ian"]
[Black "Kovacevic, Slobodan"]
[Result "1-0"]
[WhiteElo "2540"]
[BlackElo "2340"]

1.e4 c5 2.Nf3 e6 3.d4 cxd4 4.Nxd4 a6 5.Bd3 Nf6 6.O-O d6 7.c4 Nbd7 8.Nc3 g6
9.a4 Bg7 10.a5 O-O 11.Nb3 Qc7 12.Be3 Ne5 13.Bb6 Qe7 14.f4 Ned7 15.Be3 Rb8
16.Be2 Rd8 17.Qc2 Ne8 18.Kh1 f5 19.exf5 gxf5 20.Nd4 Ndf6 21.Rae1 Qc7 22.Qb3 b6
23.axb6 Rxb6 24.Qa2 Rb8 25.Bf3 Bd7 26.Bg1 Qc8 27.c5 d5 28.c6 Bxc6 29.Rxe6 Bb7
30.Rfe1 Nc7 31.R6e5 Ne4 32.Nxf5 Nxc3 33.bxc3 Rd7 34.Ne7+ Rxe7 35.Rxe7 Bf6
36.Qc2  1-0

[Event "Montpellier"]
[Site "Montpellier"]
[Date "1988.??.??"]
[Round "13"]
[White "Gachon, Lionel"]
[Black "Bischoff, Klaus"]
[Result "0-1"]
[WhiteElo "2305"]
[BlackElo "2465"]

1.e4 c5 2.Nf3 e6 3.d4 cxd4 4.Nxd4 a6 5.Bd3 Nf6 6.O-O d6 7.c4 Bd7 8.Nc3 Nc6
9.Nxc6 Bxc6 10.Qe2 Be7 11.b3 O-O 12.Bb2 Re8 13.f4 Nd7 14.Rad1 Qc7 15.Bb1 Rad8
16.Qh5 g6 17.Qh6 Bf8 18.Qh4 Bg7 19.f5 Qa5 20.Rd3 Bf6 21.Qh6 exf5 22.Rh3 Nf8
23.exf5 Qc5+ 24.Kh1 Qf2  0-1